Income taxation: laws, principles and applications (Record no. 364761)
[ view plain ]
| 000 -LEADER | |
|---|---|
| fixed length control field | 00521nam a22001697a 4500 |
| 003 - CONTROL NUMBER IDENTIFIER | |
| control field | 0 |
| 005 - DATE AND TIME OF LATEST TRANSACTION | |
| control field | 20220728091022.0 |
| 008 - FIXED-LENGTH DATA ELEMENTS--GENERAL INFORMATION | |
| fixed length control field | 220728b xxu||||| |||| 00| 0 eng d |
| 020 ## - INTERNATIONAL STANDARD BOOK NUMBER | |
| International Standard Book Number | 978-971-95940-0-0 |
| 050 ## - LIBRARY OF CONGRESS CALL NUMBER | |
| Classification number | HJ4776 |
| Item number | .B216 2014 |
| 245 ## - TITLE STATEMENT | |
| Title | Income taxation: laws, principles and applications |
| Statement of responsibility, etc | Rex B. Banggawan |
| 260 ## - PUBLICATION, DISTRIBUTION, ETC. (IMPRINT) | |
| Place of publication, distribution, etc | Manila |
| Name of publisher, distributor, etc | Real excellence publishing |
| Date of publication, distribution, etc | C2014 |
| 300 ## - PHYSICAL DESCRIPTION | |
| Extent | 703pp. |
| Dimensions | 23cm. |
| Type of unit | Book |
| 500 ## - GENERAL NOTE | |
| General note | Income taxation--Philippines. |
| 500 ## - GENERAL NOTE | |
| General note | Law and legislation--Philippines. |
| 942 ## - ADDED ENTRY ELEMENTS (KOHA) | |
| Source of classification or shelving scheme | Library of Congress Classification |
| Koha item type | Books |
| Withdrawn status | Lost status | Source of classification or shelving scheme | Damaged status | Home library | Current library | Shelving location | Date acquired | Source of acquisition | Sub Shelving location | Total Checkouts | Full call number | Barcode | Date last seen | Price effective from | Koha item type | Date checked out |
|---|---|---|---|---|---|---|---|---|---|---|---|---|---|---|---|---|
| Library of Congress Classification | College Library | College Library | Filipiniana Section | 07/28/2022 | Library Fund | HJ4776 .B216 2014 | C22756 | 07/28/2022 | 07/28/2022 | Books | ||||||
| Library of Congress Classification | College Library | College Library | Filipiniana Section | 07/28/2022 | Library Fund | 1 | HJ4776 .B216 2014 | C22757 | 02/08/2025 | 07/28/2022 | Books | 02/01/2025 |